Arabiankieliset maat - Statistics

Yleistilastot
  • Tätä visaa on pelattu 248 kertaa
    247 viimeisimmän päivityksen jälkeen
  • Keskiarvotulos 21 / 27
Vastaustilastot
Arabiankielinen maa % Oikein
Saudi Arabia
95%
Egypti
94%
Jemen
94%
Oman
94%
Irak
91%
Marokko
91%
Syyria
89%
Yhdistyneet Arabiemiirikunnat
89%
Jordania
87%
Qatar
87%
Algeria
85%
Libya
85%
Kuwait
84%
Tunisia
83%
Sudan
82%
Libanon
80%
Bahrain
78%
Mauritania
72%
Somalia
72%
Mali
69%
Niger
65%
Tsad
64%
Israel
63%
Djibouti
61%
Eritrea
60%
Komorit
32%
Palestiina
25%
Ehtoja vastaavia visoja ei löytynyt
Tulosjakauma
Jokaisen tuloksen saaneiden osuus
Persentiili vastausten määrän mukaan
Tuloshistoriasi
Et ole pelannut tätä visaa sen viimeisimmän päivityksen jälkeen